Most Popular Songs of 2020's - Statistics

General Stats
  • This quiz has been taken 176 times
  • The average score is 3 of 5
Answer Stats
Singer and Year Song % Correct
2020 - The Weeknd Blinding Lights
85%
2022 - Harry Styles As it Was
76%
2021 - Olivia Rodrigo drivers license
73%
2023 - Morgan Wallen Last Night
40%
2024 - Jack Harlow Lovin on Me
34%
No matching quizzes found
Score Distribution
Percent of People with Each Score
Percentile by Number Answered
Your Score History
You have not taken this quiz